Literature Antonyms Quiz - Statistics

General Stats
  • This quiz has been taken 19 times
  • The average score is 9 of 14
Answer Stats
Hint Answer % Correct
Of Rats and Women Of Mice and Men
100%
Peace and War War and Peace
100%
Large Men Little Women
94%
A Latewinter Day's Nightmare A Midsummer Night's Dream
82%
The Large Princess The Little Prince
82%
White Ugly Black Beauty
76%
Dinner at Cartier Breakfast at Tiffany's
76%
Hate's Laziness Found Love's Labour's Lost
71%
Idiocy and Insensitivity Sense and Sensibility
71%
The Lady of the Bracelets The Lord of the Rings
53%
The Big Enemy The Little Friend
47%
Windless Lows Wuthering Heights
29%
Hate and Enmity Love and Friendship
24%
The Sunny King The Snow Queen
24%
No matching quizzes found
Score Distribution
Percent of People with Each Score
Percentile by Number Answered
Your Score History
You have not taken this quiz